2024/2025 Premier League Goalscorers: Gameweek 28 - Statistics

General Stats
  • This quiz has been taken 22 times
  • The average score is 18 of 20
Answer Stats
Fixture Club Score Goalscorer % Correct
Manchester United v Arsenal Manchester United 1-0 Bruno Fernandes
100%
Manchester United v Arsenal Arsenal 1-1 Declan Rice
100%
Liverpool v Southampton Liverpool 2-1 Mohamed Salah
100%
Liverpool v Southampton Liverpool 3-1 Mohamed Salah
100%
West Ham v Newcastle Newcastle 1-0 Bruno Guimaraes
95%
Liverpool v Southampton Liverpool 1-1 Darwin Nunez
95%
Tottenham v Bournemouth Tottenham 2-2 Heung-min Son
95%
Brighton v Fulham Brighton 2-1 Joao Pedro
95%
Brentford v Aston Villa Aston Villa 1-0 Ollie Watkins
95%
Brighton v Fulham Fulham 1-0 Raul Jimenez
95%
Nottingham Forest v Manchester City Nottingham Forest 1-0 Callum Hudson-Odoi
90%
Tottenham v Bournemouth Bournemouth 2-0 Evanilson
90%
Chelsea v Leicester Chelsea 1-0 Marc Cucurella
90%
Crystal Palace v Ipswich Crystal Palace 1-0 Ismaila Sarr
85%
Tottenham v Bournemouth Tottenham 2-1 Pape Mate Sarr
85%
Tottenham v Bournemouth Bournemouth 1-0 Marcus Tavernier
80%
Liverpool v Southampton Southampton 1-0 Will Smallbone
80%
Wolves v Everton Everton 1-0 Jack Harrison
75%
Brighton v Fulham Brighton 1-1 Jan Paul van Hecke
70%
Wolves v Everton Wolves 1-1 Marshall Munetsi
60%
No matching quizzes found
Score Distribution
Percent of People with Each Score
Percentile by Number Answered
Your Score History
You have not taken this quiz